| 000 | 00505nam a22001817a 4500 | ||
|---|---|---|---|
| 008 | 150511b xxu||||| |||| 00| 0 eng d | ||
| 020 | _a9780073524993 | ||
| 041 | 0 | _aeng | |
| 080 | _a658 REE | ||
| 245 | 0 | 4 |
_aThe legal and regulatory environment of business / _cO. Lee Reed ... [et al.]. |
| 250 | _a16th ed. | ||
| 260 |
_aNew York, NY : _bMcGraw-Hill/Irwin, _c2013. |
||
| 300 |
_a836 f. : _bme il.; _c26 cm. |
||
| 505 | _aIndex: f.806-836 | ||
| 650 | 0 | _aTregu | |
| 700 | _aReed, O. Lee | ||
| 942 |
_2udc _cBK |
||
| 999 |
_c723 _d723 |
||